000 00526cam a2200205ua 4500
001 7749
008 141222n ii |||gr||||Z||||||ben
020 _a8180640086
040 _cMAIN
041 _aben
082 _a491.44
100 _aBandhyopadhyay, S.,
_eEditor.
245 1 _aBangalir bhasachinta
_cEdited by Sundip Bandyopadhyay
250 _a1st.
260 _aCalcutta:
_bProgressive,
_c2002.
300 _axvi,253p.
653 _aEast Indo-European & Celtic languages
653 _aBengali language
942 _cBK
999 _c6870
_d6870